Postavenie žien v medzinárodných vzťahoch bakalárska práca

Gespeichert in:
Bibliographische Detailangaben
1. Verfasser: Lazaráková, Natália
Körperschaft: Fakulta medzinárodných vzťahov EU. Katedra medzinárodného práva
Weitere Verfasser: Klenka, Michal
Format: Buch
Sprache:Slowakisch
Veröffentlicht: Bratislava 2019
Tags: Tag hinzufügen
Keine Tags, Fügen Sie das erste Tag hinzu!

MARC

LEADER 00000nbm a2200000 4500
001 0255144
005 20190813095711.7
041 0 |a slo 
044 |a SK 
245 1 0 |a Postavenie žien v medzinárodných vzťahoch  |b bakalárska práca  |c Natália Lazaráková ; školiteľ: Michal Klenka 
264 1 |a Bratislava  |c 2019 
300 |a 50 s. 
100 1 |a Lazaráková, Natália 
700 1 |a Klenka, Michal 
710 2 |a Fakulta medzinárodných vzťahov EU. Katedra medzinárodného práva